000 00445nam a2200181Ia 4500
001 19165
005 20260306171724.0
008 260306s9999||||xx |||||||||||||| ||und||
041 _aESP
082 _a658.8
_bR73
100 _aRovira, Javier
_eAUT
245 0 _aConsumering:
_bcambiar o seguir sufriendo, usted elige
260 _c2009
300 _a244 páginas :
_c25 cm.
650 _aGEN
654 _aCAN
942 _cLIB
_dJUS
_fJUS
_2ddc
_n
999 _c19165
_d19165